000 00614nam a22002057a 4500
003 OSt
005 20140310181732.0
008 130316t xxu||||| |||| 00| 0 eng d
020 _a9781846966293
050 _aQL 644.2
_b.P45 2006
082 _aQL644.2
_bP45 2006
100 _aPhillips, Dee
_921675
245 _aAll about reptiles and amphibians /
_cPhillips Dee
260 _aGreat Britain :
_bTicktock Entertainment Ltd.,
_cc2006.
300 _c28 cm.
_a96 p. :
_bcol. ill. ;
650 _aReptiles
_xJuvenile literature.
_921676
650 _aReptiles.
_917061
942 _2lcc
_cBK-GS
999 _c2437
_d2437